Pathogenecity of Cameroon strains of Fusarium oxysporum f. sp. elaeidis : (Registro nro. 26572)

Detalles MARC
000 -ENCABEZADO
Número de control [NR] 02359nam a22003497i 4500
001 - NÚMERO DE CONTROL
control field B-12600
003 - IDENTIFICADOR DE CONTROL NÚMERO
control field CO-BoFNCP
007 - CAMPO DESCRIPCIÓN FÍSICA FIJA - INFORMACIÓN GENERAL
fixed length control field t||
008 - DE LONGITUD FIJA DE DATOS DE ELEMENTOS - INFORMACIÓN GENERAL
Elementos de longitud fija [NR] 090928s2008 my r eng d
040 ## - FUENTE DE CATALOGACION [NR]
Agencia de catalogación original [NR] CO-BoFNCP
Idioma de catalogación [NR] Español
Quien Cataloga CO-BoFNCP
Convenciones de la descripción [NR] rda
041 ## - CODIGO DE IDIOMA [R]
Código de idioma para texto/pista de sonido o título separado [R] Inglés
043 ## - CODIGO DE AREA GEOGRAFICA [NR]
Código de área geográfica [R] my
084 ## - OTRO NUMERO DE CLASIFICACION [R]
Número clasificador [R] A-
100 1# - ASIENTO PRINCIPAL--NOMBRE PERSONAL [NR]
Nombre personal [NR] Tengoua, F. F.
ID Autoridad 41371,
Término relacionador [R] autor.
Relator code aut
245 10 - MENCION DE TITULO [NR]
Título [NR] Pathogenecity of Cameroon strains of Fusarium oxysporum f. sp. elaeidis :
Parte restante del título [NR] The causal agent of oil palm vascular wilt.
264 #4 - PRODUCCIÓN, PUBLICACIÓN, DISTRIBUCIÓN, FABRICACIÓN Y COPYRIGHT
Fecha de producción, publicación, distribución, fabricación o copyright ©2008
300 ## - DESCRIPCION FISICA [R]
Extensión [R] páginas 233-237 :
Otros detalles físicos [NR] Tablas, gráficos, fotografías.
336 ## - TIPO DE CONTENIDO
Término de tipo de contenido texto
Código de tipo de contenido txt
Fuente rdacontent
337 ## - TIPO DE MEDIO
Nombre/término del tipo de medio sin mediación
Código del tipo de medio n
Fuente rdamedia
338 ## - TIPO DE SOPORTE
Nombre/término del tipo de soporte volumen
Código del tipo de soporte nc
Fuente rdacarrier
504 ## - NOTA DE BIBLIOGRAFIA, ETC. [R]
Nota de bibliografía, etc. [NR] Incluye referencias bibliográficas.
520 ## - NOTA DE RESUMEN, ETC. [R]
Nota de sumario, etc. [NR] Diseases are among the major causes of production losses in oil palm plantations. In Cameroon, certain soils of oil palm plantations are infested by Fusarium oxysporum f. sp. elaeidis, a soil borne fungus, causal agent of oil palm vascular wilt. The vascular wilt leads to the death or unproductiveness of oil palm. The magnitude of yield losses varies from one plantation to another. Hence, 20 strains of F. oxysporum were isolated: 19 from the Cameroon Development Corporation (CDC) vascular wilted blocks in the South West province and 1 from the Société Camerounaise des Palmeraies (SOCAPALM) Dibombari's block in the Littoral province. This study was aimed at assessing the pathogenecity of the strains. Two-month-old pre-nursery seedlings were inoculated with 5 x 10(6) spores from each strain. They were splitted 8 months after inoculation to record internal symptoms of vascular wilt. The percentage of seedlings attacked varied widely from 0 percent to nearly 50 percent (mean18 percent). With regard to the variability in the pathogenecity of the strains studied, further work would consist of searching for the most aggressive among the 20 strains for the screening of oil palm planting materials to be supplied to oil palm growers in Cameroon.
650 #0 - ASIENTO SECUNDARIO DE MATERIA - TERMINO TEMATICO [R]
Término temático o nombre geográfico como elemento de entrada [NR] Enfermedades de las plantas.
9 (RLIN) 9341
650 #0 - ASIENTO SECUNDARIO DE MATERIA - TERMINO TEMATICO [R]
Término temático o nombre geográfico como elemento de entrada [NR] Fusarium oxysporum.
9 (RLIN) 11026
650 #0 - ASIENTO SECUNDARIO DE MATERIA - TERMINO TEMATICO [R]
Término temático o nombre geográfico como elemento de entrada [NR] Palma de aceite
9 (RLIN) 37678.
651 #0 - ASIENTO SECUNDARIO DE MATERIA - NOMBRE GEOGRAFICO [R]
9 (RLIN) 4399
Nombre geográfico [NR] Camerún.
700 1# - ASIENTO SECUNDARIO - NOMBRE PERSONAL [R]
Nombre personal [NR] Bakoumé, C.
9 (RLIN) 41028.
773 0# - ASIENTO DEL ITEM FUENTE [R]
Asiento principal [NR] The Planter (Malasia)
Información sobre la relación [R] v. 84, no. 985 (2008), p.233-237
Número de control del registro [R] A-
Número Internacional Normalizado para Publicaciones Seriadas - ISSN [NR] 0126-575x
942 ## - ELEMENTOS DE ENTRADA AGREGADOS (KOHA)
Sistema de clasificación Local
Tipo de ítem principal el descrito en 300a Artículo
999 ## - NÚMEROS DE SISTEMAS DE CONTROL (KOHA)
Koha biblionumber 26572
999 ## - NÚMEROS DE SISTEMAS DE CONTROL (KOHA)
Registro cosechable Si
Existencias
Estado de retiro (OPAC) Perdido Sistema de clasificación Dañado No prestable Ubicación habitual Ubicación actual Fecha de creación Total préstamos Signatura topográfica Código de barras Última vez visto Ejemplar Price effective from Tipo de ítem
    Local     1 - CID Palmero Bogotá 1 - CID Palmero Bogotá 10/21/2013   A- R-12600 10/21/2013 Ej. 1 10/21/2013 Artículo